000 00458nam a22001817a 4500
003 MPLRDC
005 20220104124450.0
008 210129b ||||| |||| 00| 0 eng d
082 _a859.3 SJET v.2
100 _a詹言讷总编辑
245 _a天方夜谭
_c
250 _a初版
260 _a
_b大千出版事业公司
_c1987
300 _b
490 _a世界儿童名著彩色全集;2
650 _a儿童名著
942 _cBK
_o859.3 SJET v.2
999 _c19545
_d19535